| 000 | 00394nam a2200109Ia 4500 | ||
|---|---|---|---|
| 008 | 171204s9999 xx 000 0 und d | ||
| 245 | _aNew Advances in Information Systems and Technologies: Volume 2: | ||
| 245 | _cÁlvaro Rocha, Ana Maria Correia, Hojjat Adeli, and Luis Paulo Reis | ||
| 260 | _c2016 | ||
| 650 | _xINFORMATION MANAGEMENT | ||
| 856 | _uhttp://down.ebook777.com/046/3319313061.pdf | ||
| 999 |
_c347016 _d347016 |
||